Dodržiavanie maastrichtských konvergenčných kritérií členských štátov EÚ na pozadí súčasných kríz

Analýza situácie v členských štátoch EÚ v dodržiavaní maastrichtských konvergenčných kritéri v období COVID-19. Maastrichtské kritériá - verejný dlh a verejný deficit. Pakt stability a rastu v súčasnosti a dodržiavanie kritéria stability verejných financií v Slovenskej republike.

Saved in:
Bibliographic Details
Main Author: Harakaľová, Ľubica, 1963-
Format: Book Chapter
Language:Slovak
Subjects:
Tags: Add Tag
No Tags, Be the first to tag this record!

MARC

LEADER 00000naa$a2200000$$$4500
001 0287203
005 20240502074420.6
041 0 |a slo 
044 |a SK 
245 1 0 |a Dodržiavanie maastrichtských konvergenčných kritérií členských štátov EÚ na pozadí súčasných kríz  |c Ľubica Harakaľová 
520 |a Analýza situácie v členských štátoch EÚ v dodržiavaní maastrichtských konvergenčných kritéri v období COVID-19. Maastrichtské kritériá - verejný dlh a verejný deficit. Pakt stability a rastu v súčasnosti a dodržiavanie kritéria stability verejných financií v Slovenskej republike. 
610 2 0 |a financie verejné 
610 2 0 |a dlhy verejné 
610 2 0 |a koronavírus 
610 2 0 |a Slovensko 
610 2 0 |a Európska únia 
100 1 |a Harakaľová, Ľubica, 1963-